<?xml version="1.0" encoding="UTF-8"?><?xml-stylesheet type="text/xsl" href="static/style.xsl"?><OAI-PMH xmlns="http://www.openarchives.org/OAI/2.0/" xmlns:xsi="http://www.w3.org/2001/XMLSchema-instance" xsi:schemaLocation="http://www.openarchives.org/OAI/2.0/ http://www.openarchives.org/OAI/2.0/OAI-PMH.xsd"><responseDate>2026-04-17T12:53:48Z</responseDate><request verb="GetRecord" identifier="oai:www.recercat.cat:2072/380262" metadataPrefix="marc">https://recercat.cat/oai/request</request><GetRecord><record><header><identifier>oai:recercat.cat:2072/380262</identifier><datestamp>2026-03-29T23:38:49Z</datestamp><setSpec>com_2072_98</setSpec><setSpec>col_2072_378192</setSpec></header><metadata><record xmlns="http://www.loc.gov/MARC21/slim" xmlns:dcterms="http://purl.org/dc/terms/" xmlns:xsi="http://www.w3.org/2001/XMLSchema-instance" xmlns:doc="http://www.lyncode.com/xoai" xsi:schemaLocation="http://www.loc.gov/MARC21/slim http://www.loc.gov/standards/marcxml/schema/MARC21slim.xsd">
   <leader>00925njm 22002777a 4500</leader>
   <datafield ind2=" " ind1=" " tag="042">
      <subfield code="a">dc</subfield>
   </datafield>
   <datafield ind2=" " ind1=" " tag="720">
      <subfield code="a">Cornudella i Carré, Rafael</subfield>
      <subfield code="e">author</subfield>
   </datafield>
   <datafield ind2=" " ind1=" " tag="260">
      <subfield code="c">1997</subfield>
   </datafield>
   <datafield ind2=" " ind1=" " tag="520">
      <subfield code="a">Francisco Preciado de la Vega es recordado sobre todo como primer director de los pensionados en Roma por la Academia de San Fernando y como autor de un tratado sobre pintura, la Arcadia Pictórica (Madrid, 1789). Este artículo propone, en cambio, una primera revisión de la obra pictórica de Preciado, que hasta ahora ha suscitado un escaso interés. Se subraya la total «romanización» de su pintura y se intenta esbozar su trayectoria dentro del contexto del romano del Setecientos. Se utilizan algunas fuentes documentales y biográficas hasta ahora desatendidas y se amplía su catálogo, con notícias inéditas sobre obras conservadas o perdidas. Entre sus pinturas olvidadas cabe destacar, por ejemplo, el San Ildefonso recibiendo la casulla de la Virgen (1771) procedente de la iglesia de Santiago y San Ildefonso, hoy en el palacio de Montserrato (Roma).</subfield>
   </datafield>
   <datafield ind2=" " ind1=" " tag="520">
      <subfield code="a">Francisco Preciado de la Vega is remembered above all as the first director of the pensionates in Rome by the Academy of San Fernando and as the author of a treatise on painting, the Arcadia Pictórica (Madrid, 1789). This paper offers, however, a new approximation to Preciado's pictorial oeuvre, to which the historiography has devoted until now a little interest. We underlines the total «romanization» of his painting and intend to outline his artistic trajectory within the eigtheenth century roman context. We use several documental and biographical sources until now neglected and adds several items to his catalogue, with new data about preserved or lost pieces, and also with references to engravings after Preciado's originals. Among his forgetted paintigs we can stand out, for example, the St. Ildefonso receiving the chasuble (1771), coming from the church of Santiago and Ildefonso and now in the palace of Montserrato (Rome).</subfield>
   </datafield>
   <datafield tag="653" ind2=" " ind1=" ">
      <subfield code="a">Pintura barroca</subfield>
   </datafield>
   <datafield tag="653" ind2=" " ind1=" ">
      <subfield code="a">Roma</subfield>
   </datafield>
   <datafield tag="653" ind2=" " ind1=" ">
      <subfield code="a">Baroque painting</subfield>
   </datafield>
   <datafield tag="653" ind2=" " ind1=" ">
      <subfield code="a">Rome</subfield>
   </datafield>
   <datafield ind2="0" ind1="0" tag="245">
      <subfield code="a">Para una revisión de la obra pictórica de Francisco Preciado de la Vega : Sevilla, 1712-Roma, 1789</subfield>
   </datafield>
</record></metadata></record></GetRecord></OAI-PMH>